000 00593nam a22001937a 4500
005 20171111113743.0
010 _aENG-121350
020 _c995.00
_a9788129001061
035 _aEN-104882
037 _bDBAD/PUB
082 _a808.883
100 _aBhatt,Tochi
245 _aWhat a life /
_cby Yochi Bhatt
260 _aNew Delh
_bA New Era International Imprint
_c2015
270 _aSCO 49-51,Sector-17C,Post Box-52
_bChandigarh
_e150017
300 _a112,[P-32]P. :
_c22cm.(Hb)
_bill.
500 _aIncludes bibliographical references
942 _2ddc
_cEN
_h808.883
_mBHA
999 _c147295
_d147295